Les membres de Kids United - Statistiques

Statistiques générales
  • Ce quiz a été pris 581 fois
  • Le résultat moyen est 4 sur 6
Statistiques - réponses
Hint Réponse % Correct
6 Gloria
75%
2 Erza
71%
3 Esteban
71%
5 Gabriel
63%
1 Nilusi
63%
4 Carla
54%
Aucun quiz correspondant
Distribution des résultats
% des personnes avec chaque résultat
Percentile par nombre de réponses
Votre historique - résultats
Vous n’avez pas pris ce quiz